| 000 | 00852cam a22002531i 4500 | ||
|---|---|---|---|
| 003 | SA-RiAUC | ||
| 005 | 20240930082156.0 | ||
| 008 | 240928s1996 ti g 000 0cara c | ||
| 040 |
_aTN_BIBPUB _bara _cSA-RiAUC. _erda |
||
| 043 | _af-ti--- | ||
| 082 | 0 | 4 |
_a920 _qSA-RiAUC |
| 090 |
_a920 _bش م ا |
||
| 100 | 1 |
_aشمام، محمود، _d1912- _eمؤلف. |
|
| 245 | 1 | 0 |
_aأعلام من الزيتونة / _cمحمود شمام. |
| 264 | 1 |
_aتونس : _bالشركة التونسية لفنون الرسم، _c1996 |
|
| 300 | _aصفحة | ||
| 336 |
_aنص _btxt _2rdacontent _3كتاب |
||
| 337 |
_aبدون وسيط _bn _2rdamedia |
||
| 338 |
_aمجلد _bnc _2rdacarrier |
||
| 610 | 2 | 7 |
_aجامع الزيتونة (تونس) _2aucnm |
| 651 | 7 |
_aتونس _vتراجم _2aucsh |
|
| 942 |
_2ddc _cBOOK _n0 |
||
| 949 |
_aSA-JeALM _d240928 _umohamedma123 _n1 |
||
| 999 |
_c673 _d673 |
||